| 000 | 00000cas 2200000zi 4500 |
| 001 | 9.962462 |
| 003 | CaOODSP |
| 005 | 20260529092523 |
| 006 | m o d f |
| 007 | cr ||||||||||| |
| 008 | 260501c20239999oncar p of f0 a0eng|d |
| 022 | |a3111-1408 |
| 040 | |aCaOODSP|beng|erda|cCaOODSP |
| 043 | |an-cn--- |
| 086 | 1 |aA115-26E-PDF |
| 110 | 2 |aAgriStability (Canada)|eauthor, |eissuing body. |
| 222 | 0|aProgram handbook |b(AgriStability (Canada)) |
| 245 | 10|aProgram handbook / |cAgriStability. |
| 246 | 3 |aAgriStability program handbook |
| 264 | 1|a[Ottawa] : |bAgriculture and Agri-Food Canada, |c[2023]- |
| 310 | |aAnnual |
| 336 | |atext|btxt|2rdacontent |
| 337 | |acomputer|bc|2rdamedia |
| 338 | |aonline resource|bcr|2rdacarrier |
| 362 | 1 |aBegan with: 2023. |
| 500 | |aIssued also in French under title: Manuel du programme ... |
| 610 | 20|aAgriStability (Canada) |vPeriodicals. |
| 650 | 0|aAgricultural subsidies|zCanada|vHandbooks, manuals, etc|vPeriodicals. |
| 655 | 7|aHandbooks and manuals|2lcgft |
| 655 | 7|aPeriodicals|2lcgft |
| 710 | 1 |aCanada. |bAgriculture and Agri-Food Canada, |eissuing body. |
| 775 | 08|tManuel du programme / |w(CaOODSP)9.962461 |